S'abréger les jours : Le suicide en France au XVIIIe siècle (notice n° 1568300)

détails MARC
000 -LEADER
fixed length control field 01164cam a2200133 4500500
005 - DATE AND TIME OF LATEST TRANSACTION
control field 20251214004207.0
041 ## - LANGUAGE CODE
Language code of text/sound track or separate title fre
042 ## - AUTHENTICATION CODE
Authentication code dc
100 10 - MAIN ENTRY--PERSONAL NAME
Personal name Godineau, Dominique
Relator term author
245 00 - TITLE STATEMENT
Title S'abréger les jours : Le suicide en France au XVIIIe siècle
260 ## - PUBLICATION, DISTRIBUTION, ETC.
Name of publisher, distributor, etc. Armand Colin,<br/>
Date of publication, distribution, etc. 2012.<br/>
520 ## - SUMMARY, ETC.
Summary, etc. S’homicider soi-même, se noyer le cœur, s’abréger les jours…, autant de mots pour dire le suicide en cette fin du XVIIIe siècle. Se supprimer est alors encore un crime et les morts peuvent même être jugés et punis. Mais dans cette société des Lumières qui prône le bonheur, élites et simples citoyens s’interrogent sur ce « dernier désespoir » qui jette à bas des hommes et des femmes de tout âge et de toute condition. Rapports de police, lettres de suicidés ou chroniques redonnent vie à ces morts qui nous parlent d’honneur, de misère, d’amour ou de politique. Et s’offre ici le tableau émouvant de la sensibilité et de la sociabilité des Français, de la fin de l’Ancien Régime à l’Empire.
856 41 - ELECTRONIC LOCATION AND ACCESS
Uniform Resource Identifier <a href="https://shs.cairn.info/sabreger-les-jours--9782200249694?lang=fr&redirect-ssocas=7080">https://shs.cairn.info/sabreger-les-jours--9782200249694?lang=fr&redirect-ssocas=7080</a>

Pas d'exemplaire disponible.

PLUDOC

PLUDOC est la plateforme unique et centralisée de gestion des bibliothèques physiques et numériques de Guinée administré par le CEDUST. Elle est la plus grande base de données de ressources documentaires pour les Étudiants, Enseignants chercheurs et Chercheurs de Guinée.

Adresse

627 919 101/664 919 101

25 boulevard du commerce
Kaloum, Conakry, Guinée

Réseaux sociaux

Powered by Netsen Group @ 2025